| 000 | 01765cam a2200493 4500 | ||
|---|---|---|---|
| 003 | PE-LiUPU | ||
| 005 | 20250731172702.0 | ||
| 008 | 1987 nju b eng | ||
| 020 | _a0881250899 | ||
| 035 | _a(Sirsi) i9780881250893 | ||
| 035 | _a(Sirsi) 20718 | ||
| 035 | _a(Sirsi) 20718 | ||
| 041 | _aen | ||
| 044 | _aus | ||
| 082 | 0 | 4 |
_a226.07 _bL14 |
| 100 | 1 | _aLachs, Samuel Tobías | |
| 245 | 1 | 2 |
_aA rabbinic commentary on the new testamen : _bthe gospels of matthew, mark, and luke / _cSamuel Tobías Lachs. |
| 264 | 1 |
_aHoboken, new Jersey : _bKtav publishing house, inc., _c1987 |
|
| 300 |
_a468 páginas ; _c24 centímetros |
||
| 504 | _aIncluye bibliografía | ||
| 505 | 0 | _aThe infancy narratives -- The galilean section -- The sermon on the mount -- The sermon on the plain -- Luke's special section -- The judean section -- The synoptic apocalypse -- The passion narrative -- The last supper -- Appearances of the risen christ | |
| 526 | _aSEG42 | ||
| 526 | _aSEG41 | ||
| 526 | _aSEG40 | ||
| 526 | _aSEG39 | ||
| 526 | _aP94 | ||
| 526 | _aP87 | ||
| 526 | _aP86 | ||
| 526 | _aP85 | ||
| 526 | _aP77 | ||
| 526 | _aP76 | ||
| 526 | _aP35 | ||
| 630 | 0 | 4 |
_aBiblia _pN.T. _pMateo _xComentarios |
| 630 | 0 | 4 |
_aBiblia _pN.T. _pMarcos _xComentarios |
| 630 | 0 | 4 |
_aBiblia _pN.T. _pLucas _xComentarios |
| 942 |
_2ddc _cBOOK |
||
| 949 |
_a226.07 L14 _i43621 _lPOSTGRADO _mBUL _tLIBRO _o.STAFF. Posgrado |
||
| 859 |
_q43621 _h226.07 _iL14 |
||
| 910 | a | _aaj-hd | |
| 994 |
_aC0 _bPEPRU |
||
| 596 | _a1 | ||
| 999 |
_a226.07 L14 _wDEWEY _c84 _i43621 _d84 _f2021-11-9 _g5 _lCCODEBUL1 _mBUL _p30.00 _q1 _r0 _sY _tBOOK _u2015-6-16 _xTEOLOGIA _PP35 _0COMPRA _o.STAFF. Colección Teología |
||
| 980 |
_81 _gALBERTO SANCHEZ Responsable de Automatización |
||